| 000 | 00570nam a2200157Ia 4500 | ||
|---|---|---|---|
| 008 | 160316s2010 xxu||||| |||| 00| 0 eng d | ||
| 082 |
_a305.400000 _bSUB |
||
| 100 | _aSubramaniam Indhu | ||
| 245 | _aState services for women in crisis in Karnataka: A study | ||
| 250 | _a | ||
| 260 |
_aBangalore _bHengasara Hakkina Sangha _c2010 |
||
| 300 |
_a89 _b _c |
||
| 365 | _b | ||
| 650 | _a1. Violence against women - Karnataka 2. Methodology 3. Policy analysis - services studied 4. State funded counsellting centres 5. Residential sercies 6. Findings | ||
| 700 |
_aB N Usha _a |
||
| 999 |
_c36656 _d36656 |
||